Statistics for F1 Constructor Picture quiz 1994/1995

Click here to take the quiz!

General Stats

  • This quiz has been taken 75 times
  • The average score is 6 of 13

Answer Stats

Answer% Correct
McLaren
99%
Ferrari
88%
Williams
87%
Benetton
78%
Jordan
54%
Sauber
51%
Tyrrell
45%
Minardi
27%
Footwork
24%
Pacific
24%
forti
9%
Larousse
7%
Liger
6%

Score Distribution

Percentile by Number Answered

Percent of People with Each Score

Your Score History

You have not taken this quiz